Atatürk'ün metodolojisi ve günümüz/ (Record no. 14122)

MARC details
000 -BAŞLIK
Sabit Uzunlukta Kontrol Alanı 00721nam a22002297a 4500
999 ## - SİSTEM KONTROL NUMARALARI (KOHA)
Koha Biblionumber 14122
Koha Biblioitemnumber 14122
003 - KONTROL NUMARASI IDENTIFIER
Denetim Alanı MIRAKIL
005 - SON İŞLEM TARİHİ VE ZAMANI
Denetim Alanı 20201019153034.0
008 - SABİT-BOY VERİ ELEMANLARI - GENEL BİLGİLER
Sabit Uzunlukta Kontrol Alanı 201019b tu ||||| |||| 00| 0 tur d
040 ## - KATALOGLAMA KAYNAK
Orijinal Kataloglama Ajansı TR-AnCHP
Kataloglama Dili tur
Metne Dönüştürmek Ajansı TR-AnCHP
041 ## - DİL KODU
Metin / Ses Parça Veya Ayrı Başlığın Dil Kodu tur
082 ## - DEWEY ONLU SINIFLANDIRMA NUMARASI
Sınıflandırma Numarası ATA 923.156
Ürün Numarası B29a 1978
100 ## - ANA GİRİŞ - KİŞİSEL İSİM
Kişisel Ad Bayar, Celal
245 ## - BAŞLIK TABLOSU
Başlık Atatürk'ün metodolojisi ve günümüz/
Sorumluluk Tablosu, Vb Celal Bayar ; derleyen İsmet Bozdağ
260 ## - YAYIN, DAĞITIM, VB
Yayın, Dağıtım, Vb Yeri İstanbul:
Yayıncı, Dağıtıcı, Vs Adı Kervan Kitapçılık,
Yayın, Dağıtım, Vb Tarihi 1978.
300 ## - FİZİKSEL TANIM
Kapsam 157 s.:
Boyutlar 19 sm.
490 0# - SERİSİ TABLOSU
Seri Beyanı Kervan Yayınları;
Hacim / Ardışık Tanımı Anılar, belgeler, bilgiler dizisi;
600 ## - KONU KATMA GİRİŞ - KURUMSAL ADI
Kişisel Ad Atatürk, Mustafa Kemal
Bir Adıyla İlişkilendirilen Tarihler 1881-1938
650 ## - KONU KATMA GİRİŞ - TOPİKAL DÖNEM
Topikal Süreli Veya Coğrafi Ad Giriş Elemanı Atatürkçülük
650 ## - KONU KATMA GİRİŞ - TOPİKAL DÖNEM
Topikal Süreli Veya Coğrafi Ad Giriş Elemanı Siyasal ideolojiler
700 ## - KATMA GİRİŞ - KİŞİSEL İSİM
Kişisel Ad Bozdağ, İsmet
Relator Terim der.
942 ## - EKLENDİ GİRİŞ ELEMANLARI (KOHA)
Koha Öğesi Türü Books
Holdings
Kullanım Kısıtlamaları Kalıcı Konum Mevcut Konum Edinme Tarihi Toplam Check-Out'Lar Tam Çağrı Numarası Barkod Tarih Son Görülme İtibaren Geçerli Fiyatlar Sigara Kamu Notu Koha Öğesi Türü
Kütüphane dışına çıkarılamaz CHP Kütüphanesi CHP Kütüphanesi 10/19/2020   ATA 923.156 B29a 1978 019644 10/19/2020 10/19/2020 Emine Başak Alkan Bağışıdır. Books
  Parti Okulu Kütüphanesi Parti Okulu Kütüphanesi 08/11/2021   923.156 B29a 1978 P00830 08/11/2021 08/11/2021 Emin Değer Bağışıdır. Books